Financial Systems, Banking And Monetary Policy (Record no. 41584)

MARC details
000 -LEADER
fixed length control field 00329nam a2200121Ia 4500
008 - FIXED-LENGTH DATA ELEMENTS--GENERAL INFORMATION
fixed length control field 241015s9999 xx 000 0 und d
041 ## - LANGUAGE CODE
Language code of text/sound track or separate title eng
082 ## - DEWEY DECIMAL CLASSIFICATION NUMBER
Classification number 332.1 FLE
100 ## - MAIN ENTRY--PERSONAL NAME
Personal name Ameila Fletcher
245 ## - TITLE STATEMENT
Title Financial Systems, Banking And Monetary Policy
260 ## - PUBLICATION, DISTRIBUTION, ETC.
Name of publisher, distributor, etc. Clanrye International
Place of publication, distribution, etc. USA
Date of publication, distribution, etc. 2023
300 ## - PHYSICAL DESCRIPTION
Extent 243;. P. 25 Cm

No items available.

Designed & Maintained by: LRC IMT Nagpur Contact: lrc@imtnag.ac.in© 2024. All Rights Reserved.